| 000 | 00766cam a2200253Ia 4500 | ||
|---|---|---|---|
| 999 |
_c4354 _d4354 |
||
| 001 | 13172 | ||
| 003 | GBCCL | ||
| 005 | 20241126110516.0 | ||
| 008 | 780130s1961 nyu b 00110 eng d | ||
| 035 | _aOCM03588774 | ||
| 040 |
_aMNM _cMNM _dOCL _dLBB |
||
| 049 | _aLBBK | ||
| 082 |
_a149.3 _bUND |
||
| 090 |
_aBV5081 _b.U55 1961x |
||
| 092 | _bU55, 1961 | ||
| 100 | 1 | 0 |
_aUnderhill, Evelyn, _d1875-1941. _98935 |
| 245 | 1 | 0 |
_aMysticism : _ba study in the nature and development of man's spiritual consciousness / _cby Evelyn Underhill. |
| 260 | 0 |
_aNew York : _bMeridian books., _c1955. |
|
| 300 |
_axviii, 519 p. ; _c18 cm. |
||
| 503 | _aFirst published in 1911. | ||
| 504 | _aIncludes bibliographical references. | ||
| 650 | 0 |
_aMysticism. _91677 |
|
| 942 |
_2ddc _cBK _04 |
||